Statystyki dla Największe marynarki wojenne

Kliknij tutaj aby rozwiązać quiz!

Ogólne statystyki

  • Ten quiz został rozwiązany 58 razy
  • Średni wynik to 9 z 10

Statystyki odpowiedzi

liczba statków
w służbie
kraj% Poprawnych
388Chiny
98%
201Rosja
98%
512USA
98%
188Francja
93%
301Wielka Brytania
91%
227Indie
89%
106Japonia
89%
118Australia
85%
133Włochy
84%
167Korea Północna
53%

Rozkład punktacji

Percentyl według liczby udzielonych odpowiedzi

Procent ludzi z każdym wynikiem

Twoja historia wyników

Nie rozwiązałeś tego quizu